000 00580nam a2200181Ia 4500
003 GCL
008 140319s9999 xx 000 0 ara d
040 _aGCL /
_cGCL
082 0 4 _a350.765
_bع ش
100 1 _aعبدالفتاح مراد
_vReviewer
_@
…راجع
245 1 0 _aشرح قوانين المخدرات /
_cعبدالفتاح مراد
260 _a[S.N] :
_bدار الجامعيين للطباعة والتجليد ،
_c1993
300 _a627 ص
490 _a
650 0 4 _aالقانون
650 0 4 _aمكافحة المخدرات
942 _2ddc
_cBK
999 _c35950
_d35950